| 000 | 00518nam a2200169 i 4500 | ||
|---|---|---|---|
| 001 | 28947 | ||
| 003 | ES-MaACL | ||
| 005 | 20230906153945.0 | ||
| 007 | t| | ||
| 008 | 030120s1973 sp ||||1| spa d | ||
| 110 | 2 |
_aBanco de Crédito Agrícola. _92101 |
|
| 245 | 1 | 0 |
_aMemoria de actividades 1972 / _cBanco de Crédito Agrícola. |
| 260 |
_a[S.l. : _bs.n., _c1973] ( _fGráf. Marfil) |
||
| 300 |
_a47 h. ; _c25 cm. |
||
| 610 | 2 | 4 |
_aBanco de Crédito Agrícola- _vMemorias. _9160835 |
| 852 |
_aES-MaACL _jC-55550 _bR.88293 |
||
| 999 |
_c28947 _d28947 |
||